| 000 | 00351nam a2200145 i 4500 | ||
|---|---|---|---|
| 001 | bgj | ||
| 100 | 1 |
_aGrass, Günter _d(1927- ). |
|
| 245 |
_aDie Blechtromme : _bRoman / _cGünter Grass.9 |
||
| 650 | _aPowieść niemiecka | ||
| 040 | _cBPK | ||
| 041 | _ager | ||
| 080 | _a821.112.2-3 | ||
| 942 | _cKS | ||
| 008 | s gw f |000 0 ger | ||
| 999 |
_c49494 _d49494 |
||
| 856 |
_uhttp://koha.tu.koszalin.pl/cgi-bin/koha/opac-detail.pl?biblionumber=49494 _yKatalog online BPK |
||